000 00496nam a2200169Ia 4500
008 090711s9999 xx 000 0 und d
082 _b1434
100 _aदेशकर दादा
245 _aमनोरुग्ण
260 _bराज पब्लिकेशन्स
_c1997
300 _a142
600 _aदेशकर दादा
630 _aमनोरुग्ण
700 _aदेशकर दादा
730 _aमनोरुग्ण
942 _cBOOK
999 _c324920
_d324920